书目信息 |
| 题名: |
能源与可持续发展
|
|
| 作者: | 王革华, , 田雅林 , 袁婧婷 编著 | |
| 分册: | ||
| 出版信息: | 北京 化学工业出版社 2005.01 |
|
| 页数: | 209页 | |
| 开本: | 24cm | |
| 丛书名: | 21世纪可持续能源丛书 | |
| 单 册: | ||
| 中图分类: | TK01 | |
| 科图分类: | ||
| 主题词: | 能源--关系--可持续发展--研究 | |
| 电子资源: | ||
| ISBN: | 7-5025-6020-3 | |
| 000 | 01082nam 2200277 450 | |
| 001 | 0158212757 | |
| 005 | 20050916092223.23 | |
| 010 | @a7-5025-6020-3@dCNY30.00 | |
| 100 | @a20041214d2005 km y0chiy0120 ea | |
| 101 | 0 | @achi |
| 102 | @aCN@b110000 | |
| 105 | @aa a 000yy | |
| 200 | 1 | @a能源与可持续发展@Aneng yuan yu ke chi xu fa zhan@f王革华, 田雅林, 袁婧婷编著@Fwang ge hua,tian ya lin,yuan jing ting bian zhu |
| 210 | @a北京@c化学工业出版社@d2005.01 | |
| 215 | @a209页@c图@d24cm | |
| 225 | 2 | @a21世纪可持续能源丛书 |
| 320 | @a有书目 (第207-209页)。 | |
| 330 | @a本书全面阐述了能源与经济发展、能源与社会进步、能源与环境、能源安全等问题, 介绍了国内外关于21世纪能源需求和供应的展望和研究成果。探讨了建立一个清洁、高效的可持续能源系统, 实现可持续发展能源政策的途径。 | |
| 410 | 0 | @12001 @a21世纪可持续能源丛书 |
| 606 | 0 | @a能源@x关系@x可持续发展@x研究 |
| 690 | @aTK01@v4 | |
| 701 | 0 | @a王革华,@Awang ge hua,@f1963-@4编著 |
| 701 | 0 | @a田雅林@Atian ya lin@4编著 |
| 701 | 0 | @a袁婧婷@Ayuan jing ting@4编著 |
| 801 | 0 | @aCN@bQSSK@c20050916 |
| 905 | @a10447@dTK01@eW182 | |
| 能源与可持续发展/王革华, 田雅林, 袁婧婷编著.-北京:化学工业出版社,2005.01 |
| 209页:图;24cm.-(21世纪可持续能源丛书) |
| ISBN 7-5025-6020-3:CNY30.00 |
| 本书全面阐述了能源与经济发展、能源与社会进步、能源与环境、能源安全等问题, 介绍了国内外关于21世纪能源需求和供应的展望和研究成果。探讨了建立一个清洁、高效的可持续能源系统, 实现可持续发展能源政策的途径。 |
| ● |
| 相关链接 |
|
|
|
正题名:能源与可持续发展
索取号:TK01/W182
 
预约/预借
| 序号 | 登录号 | 条形码 | 馆藏地/架位号 | 状态 | 备注 |
| 1 | 570575 | 205705753 | 自科二线504/504自科库 13排3列2层/ [索取号:TK01/W182] | 在馆 | |
| 2 | 570576 | 205705762 | 自科库501/501自科库 135排7列24层/ [索取号:TK01/W182] | 在馆 | |
| 3 | 570577 | 205705771 | 能源与建筑环境工程学院资料室/201建筑库 28排2列5层/ [索取号:TK01/W182] | 在馆 |